La fuerza vinculante de los estǹdares de la Corte IDH

Bibliographic Details
Main Author: Da̕z Colchado, Juan Carlos
Format: eBook
Language:Spanish
Published: Lima: Editorial Acadm̌ica Espaǫla, 2019
Subjects:
Online Access:Acceso restringido

MARC

LEADER 00000nam a22000007a 4500
005 20191009004250.0
007 cr|||| ||||
008 191009s2019 pe |||||s|||| 00||0 spa d
020 |a 9786139436934 
035 |a 29620 
040 |a vLex 
090 |c 9748  |d 9748 
100 1 |a Da̕z Colchado, Juan Carlos 
245 1 2 |a La fuerza vinculante de los estǹdares de la Corte IDH  |h [Recurso electrn̤ico] /  |c Juan Carlos Da̕z Colchado 
256 |a Servicio en ln̕ea 
260 |a Lima:  |b Editorial Acadm̌ica Espaǫla,  |c 2019 
300 |a 1 recurso electrn̤ico 
500 |a El presente trabajo aborda el estudio de la fuerza vinculante de los estǹdares de la Corte Interamericana de Derechos Humanos, con la finalidad de determinar si tienen fuerza vinculante para los tribunales nacionales de Estados que no han sido condenados en los casos donde se establecieron. Para ello, se establece el concepto de estǹdar, luego se analizan los diferentes argumentos esgrimidos en torno a su fuerza vinculante, tanto los desarrollados por la propia Corte Interamericana como por la doctrina especializada. De ah ̕se desarrolla, desde una perspectiva general, la recepcin̤ de los estǹdares interamericanos por las cortes nacionales para, finalmente, analizar la recepcin̤ y seguimiento del estǹdar sobre la invalidez de las leyes de auto-amnista̕. Con el anl̀isis de casos de la Corte Interamericana que establecen ese estǹdar y de las cortes de Argentina, Uruguay y Colombia que los reciben y utilizan se arriba a la conclusin̤ que su fuerza vinculante depende, en gran medida, del uso que le dan las cortes nacionales. 
506 1 |a Disponible solo en los productos indicados  |d vLex Global  |d vLex Global (Academic Edition, excluding Law Schools)  |d vLex Global (U.S. Academic Edition, Law Schools)  |d vLex Global (U.S. Academic Edition, excluding Law Schools)  |d vLex Global (Academic Edition, Law Schools) 
650 0 4 |a Derecho Pb︢lico y Administrativo  |z Per︢ 
740 0 |a vLex Libros (Servicio en ln̕ea) 
856 4 0 |u http://vlex.com/source/29620  |z Acceso restringido 
942 |c BOOK 
999 0 |a Public and Administrative Law